000 00324nam a22001457a 4500
020 _a81-204-0910-8
041 _aENG
100 _aMavi H.S
245 _aIntroduction to Agrometeorology
250 _aSecond Edition
260 _aDelhi
_bOxford
_c1997
300 _a281
650 _aAgricultural
856 _uAgricultural
999 _c385
_d385